Statistics for Survivor (US) Countries

Click here to take the quiz!

General Stats

  • This quiz has been taken 387 times
    (298 since last reset)
  • The average score is 15 of 18

Answer Stats

HintAnswer% Correct
S2Australia
97%
S14, S33Fiji
97%
S15China
94%
S1Malaysia (Borneo)
91%
S7, S8, S12Panama
88%
S17Gabon
87%
S6, S18Brazil
86%
S19, S20, S23, S24Samoa
86%
S10, S16Palau
85%
S5Thailand
85%
S4France (French Polynesia)
83%
S11Guatemala
83%
S21, S22, S29, S30Nicaragua
83%
S13New Zealand (Cook Islands)
81%
S25, S26, S27, S28Philippines
81%
S9Vanuatu
80%
S31, S32Cambodia
78%
S3Kenya
78%

Score Distribution

Percentile by Number Answered

Percent of People with Each Score

Your Score History

You have not taken this quiz since the last reset